000 00686nam a22002531 4500
001 sa 68020660
003 DLC
005 20260227112726.0
008 780425s1965 ii a f00000 eng
010 _asa 68020660
025 _aPL480:I-E-9615
040 _cICU
043 _aa-ii---
050 0 _aLB3409.I4
_bI52 1965
082 _a371.7/0954
110 1 0 _aIndia (Republic).
_bSchool Health Committee.
245 0 0 _aReport.
250 _a[2d ed.
260 0 _aNew Delhi]
_bMinistry of Health, Govt. of India
_c[1965]
300 _a2 v. in 1.
_billus.
_c24 cm.
350 _av.1: Rs4; v.2: Rs16
500 _aVol. 2 contains appendices.
650 0 _aSchool hygiene
_zIndia.
999 _c89544
_d89544